000
00277nam a2200109Ia 4500
008
220204s9999 xx 000 0 und d
082
_a
NR:63:631.533.3
_b
YOO;3
100
_a
Yoon, P K
245
0
_a
Techniques of crown budding
260
_a
Kuala Lumpur
_b
RRIM
_c
1973
942
_c
BK
999
_c
22461
_d
22461